[Event "GER-ch Net blitz qual4"]
[Site "Playchess.com INT"]
[Date "2021.05.10"]
[Round "2"]
[White "Friemel, Reinhard"]
[Black "Sautter, Joachim"]
[Result "1/2-1/2"]
[WhiteElo "1773"]
[BlackElo "1486"]
[PlyCount "103"]
[EventDate "2021.05.10"]
[EventType "swiss (blitz)"]
[EventRounds "11"]
[EventCountry "GER"]
[SourceTitle "CBM 202 Extra"]
[Source "ChessBase"]
[SourceDate "2021.07.31"]
[SourceVersion "1"]
[SourceVersionDate "2021.07.31"]
[SourceQuality "1"]

1. e4 e5 2. Nf3 Nc6 3. Bc4 Bc5 4. d3 d6 5. c3 Nf6 6. b4 Bb6 7. h3 h6 8. a4 a6 9. Qe2 0-0 10. Be3 Bxe3 11. Qxe3 Qe7 12. Nbd2 Be6 13. Ba2 Bxa2 14. Rxa2 Rae8 15. 0-0 Qe6 16. Rb2 d5 17. b5 axb5 18. axb5 b6 19. bxc6 d4 20. cxd4 exd4 21. Nxd4 Qd6 22. Nc4 Qd8 23. f4 Qe7 24. Rbf2 Qc5 25. Ne5 Ra8 26. Nf5 Qxe3 27. Nxe3 Ra3 28. N3g4 Nxg4 29. hxg4 Rd8 30. Nd7 Rxd3 31. g5 hxg5 32. fxg5 Rd6 33. Rxf7 Rxc6 34. Rf8+ Rxf8 35. Rxf8+ Kh7 36. Rf7 Kg8 37. Ne5 Re6 38. Rxc7 Rxe5 39. Rc8+ Kf7 40. Rb8 Rxe4 41. Rxb6 Rg4 42. Rb5 Kg6 43. Kh2 Rxg5 44. Rb6+ Kh5 45. Kh3 g6 46. g4+ Kh6 47. Rb8 Kg7 48. Kh4 Rc5 49. Rb7+ Kh8 50. Re7 Kg8 51. g5 Rd5 52. Rc7 1/2-1/2

[Event "GER-ch Net blitz qual4"]
[Site "Playchess.com INT"]
[Date "2021.05.10"]
[Round "7"]
[White "Schmitt, Carsten1111"]
[Black "Sautter, Joachim"]
[Result "1-0"]
[WhiteElo "1723"]
[BlackElo "1486"]
[PlyCount "40"]
[EventDate "2021.05.10"]
[EventType "swiss (blitz)"]
[EventRounds "11"]
[EventCountry "GER"]
[SourceTitle "CBM 202 Extra"]
[Source "ChessBase"]
[SourceDate "2021.07.31"]
[SourceVersion "1"]
[SourceVersionDate "2021.07.31"]
[SourceQuality "1"]

1. c4 c5 2. g3 Nc6 3. Bg2 Nf6 4. Nc3 d6 5. e4 Bd7 6. Nge2 e5 7. 0-0 Be7 8. d3 0-0 9. h3 Re8 10. f4 exf4 11. gxf4 Qc8 12. Kh2 b6 13. Ng3 Be6 14. Be3 Qd7 15. b3 Qc7 16. Qd2 Rad8 17. Rf2 Nb4 18. a3 Nc6 19. Raf1 Nd7 20. f5 Bxc4 1-0

[Event "GER-ch Net blitz qual3"]
[Site "Playchess.com INT"]
[Date "2021.05.07"]
[Round "10"]
[White "Franck, Axel"]
[Black "Sautter, Joachim"]
[Result "1-0"]
[WhiteElo "1540"]
[BlackElo "1485"]
[PlyCount "55"]
[EventDate "2021.05.07"]
[EventType "swiss (blitz)"]
[EventRounds "11"]
[EventCountry "GER"]
[SourceTitle "CBM 202 Extra"]
[Source "ChessBase"]
[SourceDate "2021.07.31"]
[SourceVersion "1"]
[SourceVersionDate "2021.07.31"]
[SourceQuality "1"]

1. b4 e5 2. Bb2 d6 3. c4 Nc6 4. b5 Nce7 5. e3 Ng6 6. Nf3 Bg4 7. Be2 e4 8. Nd4 Bxe2 9. Nxe2 Nf6 10. 0-0 Be7 11. Nbc3 0-0 12. Ng3 Re8 13. Ncxe4 Nxe4 14. Nxe4 d5 15. cxd5 Qxd5 16. Nc3 Qc5 17. Qb3 Bf6 18. Na4 Qd6 19. Bxf6 Qxf6 20. Qc4 Qd6 21. Nc3 Ne5 22. Qd5 Qxd5 23. Nxd5 c6 24. Nc7 Red8 25. Nxa8 Rxd2 26. bxc6 Nxc6 27. Nc7 Ne5 28. Rfd1 1-0

[Event "GER-ch Net blitz qual3"]
[Site "Playchess.com INT"]
[Date "2021.05.07"]
[Round "8"]
[White "Milonas, Hrisovalantis A"]
[Black "Sautter, Joachim"]
[Result "1-0"]
[WhiteElo "1620"]
[BlackElo "1485"]
[PlyCount "49"]
[EventDate "2021.05.07"]
[EventType "swiss (blitz)"]
[EventRounds "11"]
[EventCountry "GER"]
[SourceTitle "CBM 202 Extra"]
[Source "ChessBase"]
[SourceDate "2021.07.31"]
[SourceVersion "1"]
[SourceVersionDate "2021.07.31"]
[SourceQuality "1"]

1. e4 e5 2. Nf3 Nc6 3. Bc4 Bc5 4. Nc3 d6 5. h3 Nf6 6. d3 Be6 7. 0-0 Nd4 8. Nxd4 exd4 9. Nd5 Nxd5 10. exd5 Bf5 11. Re1+ Kd7 12. Bb5+ Kc8 13. Qf3 g6 14. Bd2 a6 15. Bc4 Re8 16. b4 Bb6 17. a4 Qd7 18. b5 Rxe1+ 19. Rxe1 axb5 20. Bxb5 Qd8 21. Re8 Qxe8 22. Bxe8 f6 23. g4 Bd7 24. Bxd7+ Kxd7 25. Qxf6 1-0

[Event "GER-ch Net blitz qual1"]
[Site "Playchess.com INT"]
[Date "2021.04.24"]
[Round "1"]
[White "Pauly, Markus"]
[Black "Sautter, Joachim"]
[Result "1-0"]
[WhiteElo "1802"]
[BlackElo "1505"]
[PlyCount "61"]
[EventDate "2021.04.24"]
[EventType "swiss (blitz)"]
[EventRounds "11"]
[EventCountry "GER"]
[SourceTitle "CBM 202 Extra"]
[Source "ChessBase"]
[SourceDate "2021.07.31"]
[SourceVersion "1"]
[SourceVersionDate "2021.07.31"]
[SourceQuality "1"]

1. c4 c5 2. Nc3 Nc6 3. g3 g6 4. Bg2 Bg7 5. e4 e5 6. Nge2 Nge7 7. d3 d6 8. Be3 Be6 9. Qd2 Qd7 10. h3 h6 11. Nd5 Bxd5 12. cxd5 Nd4 13. 0-0 0-0 14. Rac1 Rac8 15. f4 f6 16. Kh2 Kh7 17. b3 Nxe2 18. Qxe2 exf4 19. gxf4 f5 20. Rg1 Qb5 21. Rc2 b6 22. Bf3 Qd7 23. Qg2 Qe8 24. Qg3 Qf7 25. Rcg2 Qf6 26. Bh5 g5 27. fxg5 hxg5 28. Bxg5 Qe5 29. Bf4 Qf6 30. Qxg7+ Qxg7 31. Rxg7+ 1-0

[Event "GER-ch Net blitz qual1"]
[Site "Playchess.com INT"]
[Date "2021.04.24"]
[Round "7"]
[White "Sautter, Joachim"]
[Black "Friemel, Reinhard"]
[Result "0-1"]
[WhiteElo "1505"]
[BlackElo "1626"]
[PlyCount "60"]
[EventDate "2021.04.24"]
[EventType "swiss (blitz)"]
[EventRounds "11"]
[EventCountry "GER"]
[SourceTitle "CBM 202 Extra"]
[Source "ChessBase"]
[SourceDate "2021.07.31"]
[SourceVersion "1"]
[SourceVersionDate "2021.07.31"]
[SourceQuality "1"]

1. e4 e6 2. Nf3 d5 3. exd5 exd5 4. d4 c6 5. Bd3 Bd6 6. 0-0 Ne7 7. Re1 h6 8. c3 0-0 9. Be3 Qc7 10. h3 Bf5 11. Qc2 Bxd3 12. Qxd3 Nd7 13. Nbd2 Ng6 14. Nb3 b6 15. Re2 Bf4 16. Bxf4 Nxf4 17. Qd2 Nxe2+ 18. Qxe2 Rae8 19. Qd2 Nf6 20. Re1 Rxe1+ 21. Qxe1 Re8 22. Qd2 Ne4 23. Qd3 Qf4 24. Nbd2 Nxd2 25. Nxd2 Re1+ 26. Nf1 Qe4 27. Qxe4 Rxe4 28. Ng3 Re1+ 29. Kh2 g6 30. f3 Rb1 0-1

[Event "GER-ch Net blitz qual1"]
[Site "Playchess.com INT"]
[Date "2021.04.24"]
[Round "5"]
[White "Sautter, Joachim"]
[Black "Grund, Erwin1111"]
[Result "0-1"]
[WhiteElo "1505"]
[BlackElo "1721"]
[PlyCount "48"]
[EventDate "2021.04.24"]
[EventType "swiss (blitz)"]
[EventRounds "11"]
[EventCountry "GER"]
[SourceTitle "CBM 202 Extra"]
[Source "ChessBase"]
[SourceDate "2021.07.31"]
[SourceVersion "1"]
[SourceVersionDate "2021.07.31"]
[SourceQuality "1"]

1. e4 c5 2. Nf3 g6 3. d3 Bg7 4. Be3 d6 5. d4 cxd4 6. Bxd4 Nf6 7. e5 dxe5 8. Bxe5 Qxd1+ 9. Kxd1 Nc6 10. Bc3 Bg4 11. Be2 0-0 12. Nbd2 a6 13. h3 Bf5 14. Bd3 Bxd3 15. cxd3 Rfd8 16. Kc2 Rac8 17. Ne4 Nb4+ 18. Kb3 Nxd3 19. Nxf6+ exf6 20. Rhf1 Nc5+ 21. Kb4 Ne4 22. Rac1 Bf8+ 23. Kb3 Nc5+ 24. Ka3 Nd3+ 0-1

[Event "GER Cup Net Final-C U1600"]
[Site "Playchess.com INT"]
[Date "2020.06.06"]
[Round "12"]
[White "Nelles, Werner"]
[Black "Sautter, Joachim"]
[Result "1-0"]
[WhiteElo "1384"]
[BlackElo "1524"]
[PlyCount "31"]
[EventDate "2020.06.06"]
[EventType "swiss (blitz)"]
[EventRounds "13"]
[EventCountry "GER"]
[SourceTitle "CBM 197 Extra"]
[Source "ChessBase"]
[SourceDate "2020.09.30"]
[SourceVersion "1"]
[SourceVersionDate "2020.09.30"]
[SourceQuality "1"]

1. e4 e5 2. Nf3 Nc6 3. Nc3 d6 4. Bc4 Nf6 5. d3 Be6 6. Bg5 Bxc4 7. dxc4 Be7 8. 0-0 0-0 9. b3 Nd4 10. Nxd4 exd4 11. Bxf6 Bxf6 12. Nd5 c5 13. Qf3 Be5 14. Rad1 Qh4 15. g3 Qe7 16. Nxe7+ 1-0

[Event "GER Cup Net Final-C U1600"]
[Site "Playchess.com INT"]
[Date "2020.06.06"]
[Round "13"]
[White "Radeke, Rico"]
[Black "Sautter, Joachim"]
[Result "1-0"]
[WhiteElo "1492"]
[BlackElo "1524"]
[PlyCount "55"]
[EventDate "2020.06.06"]
[EventType "swiss (blitz)"]
[EventRounds "13"]
[EventCountry "GER"]
[SourceTitle "CBM 197 Extra"]
[Source "ChessBase"]
[SourceDate "2020.09.30"]
[SourceVersion "1"]
[SourceVersionDate "2020.09.30"]
[SourceQuality "1"]

1. d4 d5 2. c4 e6 3. e3 Nf6 4. Nc3 Bb4 5. Bd2 Bxc3 6. Bxc3 Ne4 7. Qc2 Nxc3 8. Qxc3 Nc6 9. Nf3 Qf6 10. c5 0-0 11. Be2 Re8 12. 0-0 e5 13. Rfe1 e4 14. Nd2 Be6 15. b4 a6 16. a4 Ne7 17. b5 axb5 18. axb5 c6 19. b6 Qg6 20. Rxa8 Rxa8 21. Ra1 Rxa1+ 22. Qxa1 h6 23. Qa8+ Kh7 24. Qxb7 Bh3 25. g3 Qf6 26. Bf1 Bc8 27. Qc7 Ba6 28. Bxa6 1-0

[Event "GER Cup Net V4 U1600"]
[Site "Playchess.com INT"]
[Date "2020.05.31"]
[Round "3"]
[White "Sautter, Joachim"]
[Black "Grave, Lukas"]
[Result "1-0"]
[WhiteElo "1525"]
[BlackElo "1407"]
[PlyCount "21"]
[EventDate "2020.05.31"]
[EventType "swiss (blitz)"]
[EventRounds "9"]
[EventCountry "GER"]
[SourceTitle "EXT 2021"]
[Source "ChessBase"]
[SourceDate "2020.10.23"]
[SourceVersion "1"]
[SourceVersionDate "2020.10.23"]
[SourceQuality "1"]

1. e4 e5 2. Nf3 Nc6 3. Bb5 a6 4. Bxc6 dxc6 5. 0-0 Bd6 6. d4 exd4 7. Qxd4 Qf6 8. e5 c5 9. exf6 cxd4 10. fxg7 Be5 11. gxh8Q 1-0

[Event "GER-ch Net Amateur Gr-C Final"]
[Site "Playchess.com INT"]
[Date "2020.04.18"]
[Round "6"]
[White "Radeke, Timothy"]
[Black "Sautter, Joachim"]
[Result "0-1"]
[WhiteElo "1614"]
[BlackElo "1537"]
[PlyCount "102"]
[EventDate "2020.04.18"]
[EventType "swiss (blitz)"]
[EventRounds "13"]
[EventCountry "GER"]
[SourceTitle "CBM 195 Extra"]
[Source "ChessBase"]
[SourceDate "2020.05.31"]
[SourceVersion "1"]
[SourceVersionDate "2020.05.31"]
[SourceQuality "1"]

1. d4 d5 2. c4 e6 3. Nc3 Nf6 4. cxd5 Nxd5 5. e4 Nxc3 6. bxc3 Nc6 7. Bf4 Be7 8. Nf3 0-0 9. Bb5 Bd7 10. 0-0 a6 11. Ba4 Nb8 12. Rb1 b5 13. Bb3 c6 14. a4 Qb6 15. axb5 axb5 16. Be3 Qb7 17. Ne5 Na6 18. Qg4 Bf6 19. f4 Rfe8 20. Rf3 Rac8 21. Rg3 c5 22. d5 c4 23. dxe6 Bxe6 24. f5 cxb3 25. fxe6 fxe6 26. Bd4 Nc5 27. Nf3 Qxe4 28. Bxf6 Qxg4 29. Rxg4 g6 30. Ne5 Na4 31. Rxb3 Nxc3 32. Nd7 Ne2+ 33. Kf2 Rc2 34. Ke1 Rec8 35. Be7 Nc3 36. Nf6+ Kf7 37. Nd5 Nxd5 38. Bb4 Nxb4 39. Rf4+ Ke7 40. Rbxb4 R2c4 41. Rbxc4 Rxc4 42. Rf3 b4 43. Rb3 Kd6 44. Kd2 Kc5 45. Kd3 Rg4 46. g3 h5 47. Ke3 h4 48. Kf3 Rd4 49. g4 g5 50. h3 Kc4 51. Re3 Rd3 0-1

[Event "GER-ch Net Amateur Gr-C Final"]
[Site "Playchess.com INT"]
[Date "2020.04.18"]
[Round "2"]
[White "Sautter, Joachim"]
[Black "Bone, Karin"]
[Result "1-0"]
[WhiteElo "1537"]
[BlackElo "1310"]
[PlyCount "73"]
[EventDate "2020.04.18"]
[EventType "swiss (blitz)"]
[EventRounds "13"]
[EventCountry "GER"]
[SourceTitle "CBM 195 Extra"]
[Source "ChessBase"]
[SourceDate "2020.05.31"]
[SourceVersion "1"]
[SourceVersionDate "2020.05.31"]
[SourceQuality "1"]

1. e4 e5 2. Nf3 Nc6 3. Bb5 Bc5 4. Bxc6 bxc6 5. d3 Nf6 6. 0-0 h6 7. h3 0-0 8. Nxe5 d6 9. Nf3 Ba6 10. Nc3 Rb8 11. b3 Bb4 12. Bb2 d5 13. exd5 cxd5 14. Ne2 Re8 15. Ng3 Qd6 16. Nf5 Qc5 17. Bxf6 gxf6 18. Nxh6+ Kh7 19. Ng4 f5 20. Nf6+ Kg7 21. Nxe8+ Rxe8 22. a3 Bxa3 23. Re1 Qb6 24. Rxe8 Bb4 25. Qe2 Bc3 26. Ra4 Bb5 27. Re7 Bxa4 28. bxa4 Qb1+ 29. Kh2 Bb4 30. Rxc7 Bd6+ 31. g3 Bxc7 32. Nd4 Qb4 33. Nxf5+ Kf6 34. Ne3 d4 35. Nd5+ Kg7 36. Nxb4 Ba5 37. Nc6 1-0

[Event "GER-ch Net Amateur Gr-C Final"]
[Site "Playchess.com INT"]
[Date "2020.04.18"]
[Round "3"]
[White "Sautter, Joachim"]
[Black "Weckerle, Anatol"]
[Result "1/2-1/2"]
[WhiteElo "1537"]
[BlackElo "1370"]
[PlyCount "134"]
[EventDate "2020.04.18"]
[EventType "swiss (blitz)"]
[EventRounds "13"]
[EventCountry "GER"]
[SourceTitle "CBM 195 Extra"]
[Source "ChessBase"]
[SourceDate "2020.05.31"]
[SourceVersion "1"]
[SourceVersionDate "2020.05.31"]
[SourceQuality "1"]

1. e4 c5 2. Nf3 Nc6 3. d4 cxd4 4. Nxd4 Qc7 5. Nxc6 bxc6 6. Nc3 Nf6 7. Bd3 e6 8. 0-0 a5 9. Bg5 Be7 10. Re1 h6 11. Bh4 0-0 12. Bg3 e5 13. b3 Ba6 14. Bxa6 Rxa6 15. f3 d6 16. Qd3 Raa8 17. Rad1 Rfd8 18. Qe3 Qa7 19. Qxa7 Rxa7 20. Rd3 Rad7 21. Red1 Ne8 22. Bxe5 Bf6 23. Bxf6 Nxf6 24. Kf2 Kf8 25. g3 Ke7 26. f4 Ne8 27. Ke3 Nf6 28. e5 dxe5 29. Rxd7+ Rxd7 30. Rxd7+ Kxd7 31. fxe5 Ng4+ 32. Kf4 Nxh2 33. Ne4 h5 34. Ng5 f6 35. exf6 gxf6 36. Ne4 Ng4 37. Kf5 Ke7 38. Nc5 Ne3+ 39. Kf4 Nxc2 40. Nb7 a4 41. bxa4 Nb4 42. a5 Na6 43. Kf5 c5 44. Ke4 Ke6 45. Kd3 Kd5 46. Nd8 f5 47. Nf7 c4+ 48. Kc3 Nc5 49. Nh6 Ne4+ 50. Kc2 Nxg3 51. a6 Kc6 52. Kc3 f4 53. Kxc4 h4 54. Ng4 h3 55. Kd3 Nf1 56. Ke2 h2 57. Nf2 Ng3+ 58. Kf3 h1Q+ 59. Nxh1 Nxh1 60. Kxf4 Kb6 61. Ke3 Kxa6 62. Kd3 Ka5 63. Kc3 Ka4 64. Kb2 Nf2 65. Kc3 Ne4+ 66. Kd4 Nd2 67. Kc3 Ne4+ 1/2-1/2

[Event "GER-ch Net Amateur Gr-C Vor3"]
[Site "Playchess.com INT"]
[Date "2020.04.16"]
[Round "2"]
[White "Kullmann, Max"]
[Black "Sautter, Joachim"]
[Result "0-1"]
[WhiteElo "1590"]
[BlackElo "1489"]
[PlyCount "146"]
[EventDate "2020.04.16"]
[EventType "swiss (blitz)"]
[EventRounds "9"]
[EventCountry "GER"]
[SourceTitle "CBM 195 Extra"]
[Source "ChessBase"]
[SourceDate "2020.05.31"]
[SourceVersion "1"]
[SourceVersionDate "2020.05.31"]
[SourceQuality "1"]

1. d4 d5 2. c4 e6 3. Bf4 Nf6 4. Nc3 Bb4 5. Qb3 Bxc3+ 6. Qxc3 Ne4 7. Qc2 Nc6 8. e3 0-0 9. cxd5 exd5 10. Bd3 Nf6 11. Nf3 Re8 12. 0-0 Bg4 13. Be2 Qe7 14. Bg5 h6 15. Bh4 Qe4 16. Bd3 Qe6 17. Qe2 Bxf3 18. Qxf3 Ne4 19. Bxe4 Qxe4 20. Qxe4 Rxe4 21. Bg3 Re7 22. Rac1 Rc8 23. a3 Nd8 24. Rfd1 c6 25. Rd2 f6 26. Rdc2 Nf7 27. b4 Ng5 28. Bf4 Ne4 29. b5 g5 30. Bg3 Nxg3 31. hxg3 Rec7 32. bxc6 Rxc6 33. Rxc6 Rxc6 34. Rxc6 bxc6 35. Kf1 Kf7 36. Ke2 Ke6 37. Kd3 f5 38. Kc3 Kd6 39. Kb4 Kc7 40. Kc5 Kd7 41. a4 h5 42. a5 g4 43. a6 Kc7 44. Kb4 Kb6 45. Kc3 Kxa6 46. Kb4 Kb6 47. Kc3 Kb5 48. Kb3 a5 49. Kc3 a4 50. Kd3 Kb4 51. Kc2 a3 52. Kc1 Kb3 53. Kb1 Kc3 54. Ka2 Kd3 55. Kxa3 Ke2 56. Kb2 Kxf2 57. Kc2 Kxe3 58. Kd1 Kxd4 59. Ke2 Ke4 60. Kd2 d4 61. Ke2 c5 62. Kd2 c4 63. Kc2 Ke3 64. Kd1 c3 65. Kc1 Ke2 66. Kc2 d3+ 67. Kc1 d2+ 68. Kc2 d1Q+ 69. Kxc3 Qd5 70. Kb4 Kd3 71. Ka3 Qb7 72. Ka4 Kc4 73. Ka3 Qb3# 0-1

[Event "GER-ch Net Amateur Gr-C Vor3"]
[Site "Playchess.com INT"]
[Date "2020.04.16"]
[Round "3"]
[White "Sautter, Joachim"]
[Black "Reich, Elisabeth"]
[Result "1/2-1/2"]
[WhiteElo "1511"]
[BlackElo "1594"]
[PlyCount "88"]
[EventDate "2020.04.16"]
[EventType "swiss (blitz)"]
[EventRounds "9"]
[EventCountry "GER"]
[SourceTitle "CBM 195 Extra"]
[Source "ChessBase"]
[SourceDate "2020.05.31"]
[SourceVersion "1"]
[SourceVersionDate "2020.05.31"]
[SourceQuality "1"]

1. e4 c5 2. Nf3 d6 3. d4 cxd4 4. Nxd4 Nf6 5. Nc3 g6 6. Bb5+ Bd7 7. Bxd7+ Nbxd7 8. Bf4 Bg7 9. Bg5 0-0 10. 0-0 Nc5 11. Bxf6 Bxf6 12. Qd3 Qb6 13. Qd2 Nxe4 14. Nxe4 Bxd4 15. c3 Bg7 16. Rfe1 a6 17. Rab1 Rfe8 18. Ng3 Qc5 19. Qe3 Qxe3 20. Rxe3 e6 21. Rd1 d5 22. Red3 b5 23. Ne2 Rac8 24. Nd4 Rc4 25. Nf3 Rc7 26. Nd4 Rec8 27. g3 Bxd4 28. Rxd4 Rb7 29. f4 Rcb8 30. R1d2 b4 31. cxb4 Rxb4 32. Rxb4 Rxb4 33. a3 Re4 34. Kf2 a5 35. Rc2 a4 36. Rc8+ Kg7 37. Rb8 Rc4 38. Rb4 h5 39. Ke3 Rc2 40. h4 Rg2 41. Kf3 Rd2 42. Ke3 Rg2 43. Kf3 Rd2 44. Ke3 Rg2 1/2-1/2

[Event "GER-ch Net Amateur Gr-C Vor2"]
[Site "Playchess.com INT"]
[Date "2020.04.15"]
[Round "3"]
[White "Grave, Lukas"]
[Black "Sautter, Joachim"]
[Result "1-0"]
[WhiteElo "1421"]
[BlackElo "1414"]
[PlyCount "83"]
[EventDate "2020.04.15"]
[EventType "swiss (blitz)"]
[EventRounds "9"]
[EventCountry "GER"]
[SourceTitle "CBM 196 Extra"]
[Source "ChessBase"]
[SourceDate "2020.07.31"]
[SourceVersion "1"]
[SourceVersionDate "2020.07.31"]
[SourceQuality "1"]

1. e4 e5 2. Nf3 d6 3. Bc4 Nc6 4. Nc3 h6 5. 0-0 Nf6 6. d3 Be7 7. h3 0-0 8. Be3 Be6 9. Bxe6 fxe6 10. a3 d5 11. b4 d4 12. Nxe5 dxe3 13. Nxc6 bxc6 14. fxe3 Nd7 15. Rxf8+ Qxf8 16. Qf1 Bf6 17. d4 e5 18. Ne2 exd4 19. exd4 Bh4 20. g3 Qxf1+ 21. Rxf1 Bf6 22. e5 Be7 23. Nf4 Rf8 24. Ng6 Rxf1+ 25. Kxf1 Kf7 26. Nxe7 Kxe7 27. Ke2 Ke6 28. Kd3 Nb6 29. c4 g5 30. Kc3 Nd7 31. g4 Nf8 32. a4 Nd7 33. c5 Kd5 34. b5 cxb5 35. axb5 c6 36. bxc6 Kxc6 37. Kc4 a5 38. d5+ Kc7 39. d6+ Kc6 40. e6 Nf8 41. e7 a4 42. e8Q+ 1-0

[Event "GER-ch Net Amateur Gr-C Vor2"]
[Site "Playchess.com INT"]
[Date "2020.04.15"]
[Round "5"]
[White "Sautter, Joachim"]
[Black "Hartmann, Lasse Elias"]
[Result "1-0"]
[WhiteElo "1403"]
[BlackElo "1603"]
[PlyCount "85"]
[EventDate "2020.04.15"]
[EventType "swiss (blitz)"]
[EventRounds "9"]
[EventCountry "GER"]
[SourceTitle "CBM 196 Extra"]
[Source "ChessBase"]
[SourceDate "2020.07.31"]
[SourceVersion "1"]
[SourceVersionDate "2020.07.31"]
[SourceQuality "1"]

1. e4 e6 2. d4 d5 3. exd5 exd5 4. Nf3 c5 5. dxc5 Bxc5 6. Bb5+ Bd7 7. Bxd7+ Nxd7 8. 0-0 Ngf6 9. Bg5 0-0 10. Bxf6 Nxf6 11. Nc3 d4 12. Ne2 Re8 13. Nexd4 Bxd4 14. Qxd4 Qxd4 15. Nxd4 Rad8 16. c3 Re2 17. Rab1 Re7 18. Rfe1 Red7 19. Rbd1 h5 20. Kf1 h4 21. h3 Nh5 22. Re5 Nf4 23. Re4 g5 24. Rde1 Nd3 25. Re8+ Rxe8 26. Rxe8+ Kg7 27. Re2 Rd5 28. Rd2 Ne5 29. Ke2 Nd7 30. Nf3 Rxd2+ 31. Kxd2 f5 32. Nxg5 Kg6 33. Nf3 Nf6 34. Nxh4+ Kg5 35. Nf3+ Kg6 36. Kd3 b5 37. Nd4 a6 38. b4 Nd5 39. a3 Nf4+ 40. Ke3 Nxg2+ 41. Kf3 Ne1+ 42. Ke2 Nc2 43. Nxc2 1-0

[Event "GER-ch Net Amateur Gr-C Vor2"]
[Site "Playchess.com INT"]
[Date "2020.04.15"]
[Round "9"]
[White "Sautter, Joachim"]
[Black "Stein, Theodor"]
[Result "0-1"]
[WhiteElo "1467"]
[BlackElo "1633"]
[PlyCount "80"]
[EventDate "2020.04.15"]
[EventType "swiss (blitz)"]
[EventRounds "9"]
[EventCountry "GER"]
[SourceTitle "CBM 196 Extra"]
[Source "ChessBase"]
[SourceDate "2020.07.31"]
[SourceVersion "1"]
[SourceVersionDate "2020.07.31"]
[SourceQuality "1"]

1. e4 e5 2. Nf3 Nc6 3. Bb5 Nf6 4. d3 d6 5. Nc3 Bg4 6. Nd5 Bxf3 7. Qxf3 Be7 8. Nxe7 Qxe7 9. Bxc6+ bxc6 10. Bg5 Rb8 11. Bxf6 Qxf6 12. Qxf6 gxf6 13. b3 d5 14. exd5 cxd5 15. Kd2 Kd7 16. f3 Rhg8 17. g3 Ke6 18. Rae1 c5 19. f4 Kd6 20. fxe5+ fxe5 21. Rhf1 Ke6 22. c3 d4 23. cxd4 cxd4 24. Re4 f5 25. Ree1 Rgf8 26. Rc1 Rbc8 27. Rxc8 Rxc8 28. h4 e4 29. dxe4 fxe4 30. Rf4 Ke5 31. Rf7 e3+ 32. Kd3 Rc3+ 33. Ke2 Rc2+ 34. Kd3 Rd2+ 35. Kc4 e2 36. Re7+ Kd6 37. Re4 d3 38. Kc3 Rd1 39. Rd4+ Ke5 40. Rd8 e1Q+ 0-1

[Event "GER-ch Net Amateur Gr-C Vor1"]
[Site "Playchess.com INT"]
[Date "2020.04.14"]
[Round "2"]
[White "Kullmann, Theo"]
[Black "Sautter, Joachim"]
[Result "1-0"]
[WhiteElo "1620"]
[BlackElo "1448"]
[PlyCount "57"]
[EventDate "2020.04.14"]
[EventType "swiss (blitz)"]
[EventRounds "9"]
[EventCountry "GER"]
[SourceTitle "CBM 196 Extra"]
[Source "ChessBase"]
[SourceDate "2020.07.31"]
[SourceVersion "1"]
[SourceVersionDate "2020.07.31"]
[SourceQuality "1"]

1. e4 e5 2. Nf3 Nc6 3. Bc4 Bc5 4. b4 Bxb4 5. c3 Bc5 6. d4 exd4 7. 0-0 d6 8. cxd4 Bb6 9. Qb3 Nh6 10. Bxh6 gxh6 11. Bxf7+ Ke7 12. Bd5 Na5 13. Qa3 c6 14. Bb3 Nxb3 15. axb3 c5 16. dxc5 Bxc5 17. b4 Bb6 18. b5 Be6 19. e5 Rf8 20. Rd1 Bc5 21. Qd3 b6 22. Qxh7+ Rf7 23. Qxh6 Qh8 24. Qxh8 Rxh8 25. Nbd2 Rg8 26. Kh1 Bb4 27. Ne4 Bf5 28. exd6+ Kd7 29. Neg5 1-0